Dirty Dancing Quotes Part 1 - Statistics

General Stats
  • This quiz has been taken 504 times
    494 since last reset
  • The average score is 6 of 12
Answer Stats
Hint Answer % Correct
"You know, the best place to practice this is in the _____." (Johnny) Water
90%
"I carried a _________" Watermelon
85%
"It was the summer of ____ when everybody called me baby, and it occured to me mind." (Baby) 1963
67%
"Ask not what your ______ can do for you, but what you can do for your ______." (Robbie) Waiter
55%
"Go back to your ____ ___ Baby!" (Penny) Play Pen
51%
"Oh, my God. Look at that! Ma, I should have brought my _____ shoes. You said I was taking to much!" (Lisa) Coral
49%
"You just put your _____ on everybody's plate college boy, and leave the hard stuff to me." (Johnny) Pickle
43%
"Ah come on ladies! God wouldn't give you _________ if he didn't want you to shake em!" (Penny) Maracas
40%
"Yeah, it takes a real ____ to go ask Daddy." (Johnny) Saint
36%
"This will only hurt for a minute... you've got ___ ____ right? Was it good for you?" (Magician) Blue Cross
29%
Okay, we got horseshoes on the south lawn in 15 minutes! We've got splish-splash the water class down by the lake. We have the still life art class. We got volleyball and croquet. And for you older folks, we got ____!" (MC) Sacks
13%
"It's not on the one, it's not the mambo, it's a feeling, a heartbeat, ___ ___, ___ ____" (Johnny) Guh Gong
8%
No matching quizzes found
Score Distribution
Percent of People with Each Score
Percentile by Number Answered
Your Score History
You have not taken this quiz since the last reset